000 01756nam a2200241Ia 4500
003 OSt
005 20211026125229.0
008 210310s2003 ve ad fr 000 0dspa d
040 _aCO-JMCR
_cCO-JMCR
041 0 _aspa
082 0 4 _a361.25 /
_bJ371c
_223
100 1 _aJaramillo B., Fidel,
_917055
_eeditor
245 1 0 _aCapital social :
_bclave para una agenda integral de desarrollo /
_cFidel Jaramillo B., María Teresa Szauter
260 _aCaracas :
_bCorporación Andina de Fomento,
_c2003
300 _a231 páginas :
_bilustraciones y gráficas a blanco y negro ;
_c23 cm.
500 _aIncluye notas a pie de página y datos biográficos de los autores.
504 _aBibliografía al final de cada capítulo.
505 0 _tEl desafío de construir capital social en América Latina /
_rFidel Jaramillo B.
_tArticulador del desarrollo sostenible /
_rMaría Teresa Szauer y María Silvia Castillo
_tEducación, desarrollo y construcción de la solidaridad. Capital humano y capital social en la Región Andina /
_rFrancisco Cajiao y Wendy Arenas
_tCapital social y cultura. Claves olvidadas del desarrollo /
_rBernardo Kliksberg
_tCapital social y competitividad /
_rCelia Cornejo
_tCapital social y empresa /
_rLuis Chang Chang Fun
_tEl paradigma del capital social y las organizaciones /
_rLindon J. Robinson y Marcelo E. Siles
_tCapital social y ética aplicada en proyectos de desarrollo /
_rIrene Novakovsky
_tMecanismos de generación de capital social en programas gubernamentales de desarrollo en Venezuela /
_rNorma Madrid de Pieters
650 1 4 _aCapital social
_917828
_zAmérica Latina
650 2 4 _aDesarrollo social
_xAspectos sociales
_zAmérica Latina
_941297
700 1 _aSzauter, María Teresa,
_eeditor
_941298
942 _2ddc
_cBK
999 _c8629
_d8629